Minecraft: Planks Crafting Recipes - Statistics

General Stats
  • This quiz has been taken 114 times
  • The average score is 21 of 34
Answer Stats
Recipe Answer % Correct
1x Planks + 2x Stick Wooden Shovel
95%
1x Planks Wooden Button
93%
2x Planks + 1x Stick Wooden Sword
92%
2x Planks Stick
86%
3x Planks + 2x Stick Wooden Pickaxe
82%
3x Planks + 2x Stick Wooden Axe
81%
4x Planks Crafting Table
80%
2x Planks Wooden Pressure Plate
80%
2x Planks + 2x Stick Wooden Hoe
77%
3x Planks + 3x Wool Bed
76%
6x Planks Wooden Door
76%
3x Planks Wooden Slab
74%
8x Planks Chest
70%
6x Planks Wooden Trapdoor
70%
8x Planks + 1x Diamond Jukebox
68%
4x Planks + 2x Stick Wooden Fence
66%
6x Planks + 3x Book Bookshelf
64%
2x Planks + 4x Stick Wooden Fence Gate
61%
3x Planks + 4x Cobblestone + 1x Iron Ingot + 1x Redstone Dust Piston
59%
6x Planks + 3x Honeycomb Beehive
57%
4x Planks + 2x Iron Ingot Smithing Table
57%
5x Planks Boat
55%
4x Planks + 2x Flint Fletching Table
55%
6x Planks Wooden Stairs
55%
6x Planks + 1x Stick Sign
53%
8x Planks + 1x Redstone Dust Note Block
51%
6x Planks + 1x Iron Ingot Shield
49%
4x Planks + 2x Paper Cartography Table
47%
2x Planks + 2x String Loom
46%
1x Planks + 1x Iron Ingot + 1x Stick Tripwire Hook
39%
6x Planks + 2x Wooden Slab Barrel
38%
2x Planks + 2x Stick + 1x Stone Slab Grindstone
32%
3x Planks Bowl
23%
6x Planks + 3x Wooden Slab Chiseled Bookshelf
16%
No matching quizzes found
Score Distribution
Percent of People with Each Score
Percentile by Number Answered
Your Score History
You have not taken this quiz